| 000 | 00466nam a2200181Ia 4500 | ||
|---|---|---|---|
| 001 | 383 | ||
| 005 | 20260306140514.0 | ||
| 008 | 260306t1997||||xx |||||||||||||| ||spa|| | ||
| 041 | _aESP | ||
| 082 |
_a110 _bG25 |
||
| 100 |
_aGarcía López, Jesus _eAUT |
||
| 245 | 0 |
_aLecciones de metafísica tomista : _bgnoseología. Principios gnoseológicos básicos |
|
| 260 | _c1997 | ||
| 300 |
_a323 p _c21 cm. |
||
| 650 | _aGEN | ||
| 654 | _aCHU | ||
| 942 |
_cLIB _dJUS _fJUS _2ddc _n |
||
| 999 |
_c383 _d383 |
||